Statistics for English Alphabet Letters' Rank

Click here to take the quiz!

General Stats

  • This quiz has been taken 12 times
  • The average score is 16 of 26

Answer Stats

HintAnswer% Correct
A1
86%
B2
86%
C3
86%
E5
86%
W23
71%
X24
71%
Y25
71%
D4
71%
F6
71%
L12
57%
N14
57%
O15
57%
Q17
57%
R18
57%
S19
57%
U21
57%
V22
57%
Z26
57%
G7
57%
H8
57%
I9
57%
J10
43%
K11
43%
M13
43%
P16
29%
T20
29%

Score Distribution

Percentile by Number Answered

Percent of People with Each Score

Your Score History

You have not taken this quiz